Lengua, escuela y diversidad sociocultural: hacia una educación lingüística crítica
保存先:
| 第一著者: | |
|---|---|
| フォーマット: | 図書 |
| 言語: | スペイン語 |
| 出版事項: |
Barcelona
Graó
2003
|
| シリーズ: | Biblioteca de Textos, 189
|
| 主題: | |
| タグ: |
タグ追加
タグなし, このレコードへの初めてのタグを付けませんか!
|
MARC
| LEADER | 00000nam a2200000 a 4500 | ||
|---|---|---|---|
| 001 | UCL3715 | ||
| 003 | CL-VaPUC | ||
| 008 | 031205e20030000SP |||||||||||||||||spa|d | ||
| 020 | |a 8478273085 | ||
| 082 | 0 | 4 | |a 306.44 |b UNA |2 21 |
| 100 | 0 | |a Unamuno, Virginia |e author |9 481107 | |
| 245 | 1 | 0 | |a Lengua, escuela y diversidad sociocultural: hacia una educación lingüística crítica |
| 942 | |c BK | ||
| 945 | |d 20031205 00:00:00 |a cmena | ||
| 260 | |a Barcelona |b Graó |c 2003 | ||
| 650 | 0 | |a Sociolingüística |9 263716 | |
| 650 | 0 | |a Educación lingüística |9 306506 | |
| 583 | |a last modification |c 20031205 00:00:00 |k Rodrigo Vera | ||
| 490 | 0 | |a Biblioteca de Textos, 189 | |
| 999 | |c 306725 |d 306723 | ||
| 952 | |0 0 |1 0 |4 0 |6 306_440000000000000_UNA_2003 |7 0 |8 A |9 371972 |a FDOPOS |b FDOPOS |d 2019-11-21 |i 3972658 |o 306.44 UNA 2003 |p 3972658 |r 2025-01-22 |w 2019-11-21 |y BK |k MLA | ||
| 952 | |0 0 |1 0 |4 0 |6 306_440000000000000_UNA_2003 |7 0 |8 A |9 371973 |a BIBEDU |b BIBEDU |d 2019-11-21 |i 4545834 |o 306.44 UNA 2003 |p 4545834 |r 2019-11-21 |w 2019-11-21 |y BK |k EDI | ||
| 952 | |0 0 |1 0 |4 0 |6 306_440000000000000_UNA_2003 |7 0 |8 A |9 371974 |a BIBEDU |b BIBEDU |d 2019-11-21 |i 4658140 |o 306.44 UNA 2003 |p 4658140 |r 2019-11-21 |w 2019-11-21 |y BK |k EDI | ||